Music Quiz

Random Music or Lyrics Quiz

Popular Songs of the 90's and 00's Quiz Stats

 Plays Quiz not verified by Sporcle

Challenge
Share
Tweet
Embed
Score 0/79 Timer 15:00
1 Play Today
Lyrics Song % Correct
Hey hey you you I know that you like meGirlfriend
66.7%
He was a punk, she did ballet, what more can I say?Sk8er Boi
59%
I don't believe that anybody feels the way I do about you now.Wonderwall
59%
This ain't a song for the broken-hearted.It's My Life
46.6%
Big, black boots; long, brown hair; she's so sweet with her get back stare.Are You Gonna Be My Girl
45.4%
He drinks a whiskey drink, he drinks a vodka drink, he drinks a lager drink, he drinks a cider drink.Tubthumping
45%
As I recall, I think we both kind of like it, and I said well that's one thing we got.Breakfast at Tiffany's
43.4%
I said yep, what a concept, I could use a little fuel myself and we could all use a little change.All Star
43%
She left me roses by the stairs, surprises let me know she cares.All the Small Things
42.6%
I must confess I still believe, when I'm not with you I lose my mind, give me a sign.........Baby One More Time
41.8%
She acts like summer and walks like rain.Drops of Jupiter
41.8%
I'll be your number one with a bullet, loaded God complex, cock it and pull it.Sugar, We're Going Down
41.4%
I don't ever wanna feel like I did that day, take me to the place I love, take me all the way.Under the Bridge
38.2%
Cause to lose all my senses, that is just so typically me.Oops!... I Did it Again
37.3%
You can't fight the tears that ain't coming, or the moment of truth in your lies, when everything feels like the movies, yeah you bleed just to know you're alive.Iris
36.5%
Your clothes never wear as well the next day and your hair never falls in quite the same way.Absolutely (Story of a Girl)
36.1%
For what it's worth, it was worth all the while.Good Riddance (Time of Your Life)
34.5%
Breaking my back just to know your name.Somebody Told Me
34.5%
You have a drumstick and you brain stops ticking.One Week
33.7%
I could tell she liked me from the way she stared, and the way she said you missed a spot over there.Stacy's Mom
33.3%
You're still probably working at a nine to five pace, I wonder how bad that tastes?Gives You Hell
32.9%
I want your everything as long as it's free.Bad Romance
32.5%
All I can say is that my life is pretty plain.No Rain
32.1%
A thousand miles seems pretty far, but they've got planes and trains and cars, I'd walk to you if I had no other way.Hey There Delilah
31.3%
Why are these lights so bright? Did we get hitched last night?Waking Up In Vegas
26.5%
I don't want to waste my time, become another casualty of society, I'll never fall in line, become another victim of your conformity.Fat Lip
26.5%
Please tell me why my car is in the front yard and I'm sleeping with my clothes on.My Own Worst Enemy
26.1%
Like double cherry pie, yeah there she was, like disco super fly.Sex and Candy
22.1%
He was always there to help her, she always belonged to someone else.She Will Be Loved
21.7%
With the lights out, it's less dangerousSmells Like Teen Spirit
20.9%
I would swallow my pride, I would choke on the rinds.Inside Out
20.9%
Skulls and bones, sticks and stones and weed and bones.Paper Planes
20.5%
Watch it count down to the end of the day, the clock ticks life away.In The End
19.7%
She's got a body like an hourglass, it's ticking like a clock.Misery Business
19.7%
And every time you speak her name does she know that you told me you'd hold me until you diedYou Oughta Know
19.3%
Will Smith don't gotta cuss on his raps to sell records, well I do.The Real Slim Shady
19.3%
Clearly I remember picking on the boy.Jeremy
19.3%
I can lead a nation with a microphone, with a microphone.Handlebars
18.9%
Run and tell all of the angels, this could take all night.Learn To Fly
18.1%
What if I fell to the floor, couldn't take this anymore? What would you do do do? Come break me down, bury me, bury me.The Kill
18.1%
Lyrics Song % Correct
Rain falls, angry on the tin roof, as we lie awake in my bed.I'll Be
17.7%
So darken your clothes, I'll strike a violent pose.Teenager
17.3%
I close my eyes when I get to sad, I think thoughts that I know are bad.Wonderful
16.5%
You'd think me rude, but I just stand and stare.Fireflies
16.5%
Got a couple of couches, sleep on the love seat.Loser
16.1%
If they could spend a day or two walking in someone else's shoes, I think they'd stumble and they'd fall.Lifestyles of Rich and Famous
15.7%
We were more than this world's got to offer, we were more than the wars of our fathers.Meant To Live
14.5%
If she really wants to go, I think deep down she knows all she has to say when.Hey Leonardo
14.1%
She likes Godsmack and I like Agent Orange.Girl All The Bad Guys Want
14.1%
Your face it haunts, my once pleasant dreams, your voice has chased away all the sanity in me.My Immortal
13.7%
The angel opens her eyes, pale, blue-colored eyes.Lightning Crashes
13.3%
I see your dirty face, hide behind your collar.Let It Rock
12.9%
Forgetting all I'm lacking, completely incomplete.Hanging By A Moment
12.9%
All things that I used to say, all words that got in the way, all things that I used to know have gone out the window. When It's Over
12%
Listen up it's just not happening, you can say what you want to your boyfriends.U+Ur Hand
11.6%
Room to make a big mistake, she needs new faces.Wide Open Spaces
11.2%
When I wake up in my make-up, it's too early for that dress.Celebrity Skin
10.8%
You're such a sweet little thing, why do you do this to yourself? She looked at me and this is what she said.Ain't No Rest For the Wicked
10%
She grew up with the children of the stars, in the Hollywood hills and the boulevard.Lullaby
9.6%
Give me a drink of water, I'm gonna sing around the collar and I don't need a microphone.Icky Thump
9.6%
After all you put me through, you'd think I'd despise you, but in the end, I want to thank you.Fighter
9.2%
The one thing that always tore us apart is the one thing I won't touch again.Hate Me
8.4%
Red light, yellow light, green light, go.Pour Some Sugar On Me
8.4%
Cut to mirror your intention, over-sized and overwhelmed, the shine of which just caught my eye.Vindicated
8%
Lay me on the ground, fly me in the sky, show me where to look.Shine
7.6%
I miss your purple hair, I miss the way you taste.Somewhere Out There
7.6%
Scream loud at the top of our lungs, and they'll think it's just because we're young.The Great Escape
7.2%
Can you tell me? You say you can, but you don't know.Mmmbop
7.2%
It has to start somewhere, it has to start sometime, what better place than here, what better time than now?Guerrilla Radio
6.4%
There's a story at the bottom of this bottle and I'm a pen.Dear Maria, Count Me In
6%
Too far away for me to hold, too far away.Shimmer
5.6%
You were sitting home watching your TV, while I was participating in some anarchy.April 29, 1992
5.6%
Now through the lines of the cheap Venetian blinds, your car is pulling off of the curb.Here It Goes Again
5.2%
I only want the truth, so tonight we drink to you.Love Hurts
4.4%
Never thought I'd walk away from you, I did. But it's a false sense of accomplishment.Pain
4.4%
Then they ask what went wrong when they turn you on again.Desperately Wanting
2%
I couldn't think of anywhere I would have rather been to watch it all burn away.Grapevine Fires
2%
Underdog in a modern world, suburbia's hot tonight and nothing seems to feel alright.The Art of Losing
1.6%
That's when you lose yourself for a minute or twoSometime Around Midnight
1.2%

You're not logged in!

Compare scores with friends on all Sporcle quizzes.
OR
Log In

You Might Also Like...

Show Comments

Extras

Top Quizzes Today


Score Distribution

Your Account Isn't Verified!

In order to create a playlist on Sporcle, you need to verify the email address you used during registration. Go to your Sporcle Settings to finish the process.

Report this User

Report this user for behavior that violates our Community Guidelines.

Details: